Statistics for Where is the cheese from?

Click here to take the quiz!

General Stats

  • This quiz has been taken 19 times
  • The average score is 10 of 15

Answer Stats

HintAnswer% Correct
MozzarellaItaly
100%
CamembertFrance
89%
FetaGreece
89%
ManchegoSpain
83%
CheddarUnited Kingdom
83%
GoudaNetherlands
78%
Monterey JackUnited States
78%
GruyèreFrance
72%
PaneerIndia
72%
GorgonzolaItaly
72%
EmmentalSwitzerland
72%
CotijaMexico
50%
Humboldt FogUnited States
50%
AyibeEthiopia
17%
ImsilKorea
17%

Score Distribution

Percentile by Number Answered

Percent of People with Each Score

Your Score History

You have not taken this quiz